| 000 | 00593nam a2200229 a 4500 | ||
|---|---|---|---|
| 001 | nice12345678 | ||
| 003 | IN_TiNIC | ||
| 005 | 20260116014931.0 | ||
| 008 | 050524s1984 mica grp 000 0 eng | ||
| 020 |
_a _c100 |
||
| 082 | 0 | 0 |
_a220.520 _bZON |
| 245 |
_aHoly Bible _b New Revised Standard Version |
||
| 260 |
_aMichigan _bZondervan Publishing House _c1984 |
||
| 300 | _a1392p | ||
| 500 | _aincludes index and biblioraphy | ||
| 505 | 2 | _aAppendixes, Index | |
| 650 | _aBible-English | ||
| 710 | 2 | _aZondervan Bible Publishers | |
| 902 | _bSRS | ||
| 942 | _cBK | ||
| 999 |
_c17607 _d17607 |
||